[Event "St Petersburg Korchnoi Memorial op"]
[Site "St Petersburg"]
[Date "2024.08.19"]
[Round "5"]
[White "Mulishov, Roman"]
[Black "Kebedov, Umar"]
[Result "1-0"]
[WhiteElo "1847"]
[BlackElo "1565"]
[PlyCount "118"]
[EventDate "2024.08.17"]
[EventType "swiss"]
[EventRounds "9"]
[EventCountry "RUS"]
[SourceTitle "EXT 2025"]
[Source "ChessBase"]
[SourceDate "2024.10.14"]
[SourceVersion "1"]
[SourceVersionDate "2024.10.14"]
[SourceQuality "1"]

1. e4 c5 2. Nf3 d6 3. d4 cxd4 4. Nxd4 Nf6 5. Nc3 g6 6. Be2 Bg7 7. 0-0 0-0 8. Re1 Nc6 9. Nb3 Be6 10. Bf1 Rc8 11. Bg5 h6 12. Bh4 Ne5 13. Nd5 Bxd5 14. exd5 Nc4 15. Rb1 g5 16. Bg3 Nb6 17. Nd4 Nfxd5 18. Nf5 Qd7 19. Bd3 e5 20. Qh5 Qe6 21. h4 gxh4 22. Qg4 Qg6 23. Ne7+ Nxe7 24. Bxg6 hxg3 25. Bf5 gxf2+ 26. Kxf2 Rc4 27. Re4 Rxc2+ 28. Kg1 Nbd5 29. Qd1 Rc5 30. g4 Nxf5 31. gxf5 Nf6 32. Re3 e4 33. Qxd6 Rxf5 34. Rg3 Nh5 35. Rg4 Kh7 36. Rf1 Rg5 37. Rxg5 hxg5 38. Qd5 Nf4 39. Qxe4+ f5 40. Qe7 Kg6 41. Rd1 Nh5 42. Rd6+ Nf6 43. Qxb7 Rf7 44. Qc8 g4 45. Qe6 Bh6 46. b4 Bg5 47. Rd5 Be3+ 48. Kf1 f4 49. Qf5+ Kg7 50. Qg5+ Kf8 51. Rd6 Ne8 52. Qh6+ Rg7 53. Rd8 g3 54. Qh8+ Kf7 55. Qxe8+ Kf6 56. Rd6+ Kf5 57. Qe6+ Kg5 58. Rd5+ Kh4 59. Qh6+ Kg4 1-0

[Event "St Petersburg Korchnoi Memorial op"]
[Site "St Petersburg"]
[Date "2024.08.17"]
[Round "2"]
[White "Kebedov, Umar"]
[Black "Abgaryan, Harutyun V"]
[Result "0-1"]
[WhiteElo "1565"]
[BlackElo "1795"]
[PlyCount "79"]
[EventDate "2024.08.17"]
[EventType "swiss"]
[EventRounds "9"]
[EventCountry "RUS"]
[SourceTitle "CBM 221 Extra"]
[Source "ChessBase"]
[SourceDate "2024.09.30"]
[SourceVersion "1"]
[SourceVersionDate "2024.09.30"]
[SourceQuality "1"]

1. c4 Nf6 2. Nc3 g6 3. g3 Bg7 4. Bg2 0-0 5. Nf3 d6 6. 0-0 c6 7. d4 Qb6 8. e4 Bg4 9. Qd3 Nfd7 10. Rd1 c5 11. Nd5 Qd8 12. Be3 Nc6 13. dxc5 dxc5 14. Qa3 Bxf3 15. Bxf3 e6 16. Nc3 Nd4 17. Bxd4 Bxd4 18. Nb5 e5 19. Nxd4 cxd4 20. Qd6 Re8 21. b4 Nb6 22. Qxd8 Rexd8 23. Be2 a5 24. a3 axb4 25. c5 Na4 26. axb4 Nc3 27. Rxa8 Rxa8 28. Re1 Ra2 29. Bd3 Rb2 30. f4 f6 31. fxe5 fxe5 32. b5 Nxb5 33. Rb1 Rxb1+ 34. Bxb1 Nc3 35. Bc2 Kf8 36. Kf2 Ke7 37. g4 g5 38. Bb3 Nxe4+ 39. Ke2 Nxc5 40. Bc2 0-1